01063cam a22002651 4500001001300000003000400013005001700017008004100034010001700075035001800092040001800110042001200128050002400140082001100164100003000175245016600205260004000371300006800411490007000479504003000549650003700579650005700616650005100673810007300724gs 40000095 DLC20260227111345.0720825s1939 xx 000 0 eng  ags 40000095  a(OCoLC)391814 aDLCcOAUdDLC apremarc00aQE299.5b.A32 no. 3 a555.951 aRichardson, James Alfred.14aThe geology and mineral resources of the neighbourhood of Raub, Pahang, Federated Malay States,bwith an account of the geology of the Raub Australian gold mine. a[Singapore,bPrinters, ltd.,c1939] aix, 166 p.billus., maps (2 fold., 1 in pocket) diagrs.c27 cm.1 aMalay States, Federated. Geological Survey Dept. [Memoir no. 3] aBibliography: p. 151-153. 0aGeologyzFederated Malay States. 0aMines and mineral resourceszFederated Malay States. 0aGold mines and miningzFederated Malay States.1 aMalaya (Federation)bGeological Survey Department.tMemoir ;vno. 3.